=LDR 00000nam 2200000 4500 =001 INLIS000000000034879 =005 20130612140754 =008 ***********************************ind** =035 ##$$0010-061300000034879 =041 ##$$a ind =082 ##$$a 028.530 1 =090 ##$$a 028.530 1, Bum b =245 ##$$a Bumi/Penerjemah, Viktor H, Damanik; Editor, Agus Salim =260 ##$$a 2008 $b Bandung =300 ##$$a 64 hlm., Ilus., 25 cm =650 ##$$a Bacaan Anak dan Remaja =700 ##$$a Damanik, Viktor H =850 ##$$a NBPNMAT